Random Altitudes and Their Layer of the Earth's Atmosphere - Statistics

General Stats
  • This quiz has been taken 4 times
  • The average score is 12 of 16
Answer Stats
Altitude (km) Layer of Atmosphere % Correct
402 Exosphere
100%
408 Exosphere
100%
425 Exosphere
100%
428 Exosphere
100%
431 Exosphere
100%
433 Exosphere
100%
435 Exosphere
100%
452 Exosphere
100%
453 Exosphere
100%
459 Exosphere
100%
35 Mesosphere
100%
31 Mesosphere
100%
32 Mesosphere
100%
37 Mesosphere
100%
47 Mesosphere
100%
36 Mesosphere
100%
37 Mesosphere
100%
18 Stratosphere
100%
22 Stratosphere
100%
27 Stratosphere
100%
12 Stratosphere
100%
13 Stratosphere
100%
14 Stratosphere
100%
283 Thermosphere
100%
196 Thermosphere
100%
142 Thermosphere
100%
139 Thermosphere
100%
317 Thermosphere
100%
263 Thermosphere
100%
236 Thermosphere
100%
302 Thermosphere
100%
301 Thermosphere
100%
158 Thermosphere
100%
2 Troposphere
100%
3 Troposphere
100%
5 Troposphere
100%
6 Troposphere
100%
8 Troposphere
100%
9 Troposphere
100%
2 Troposphere
100%
3 Troposphere
100%
9 Troposphere
100%
4 Troposphere
100%
9 Troposphere
67%
3 Troposphere
50%
7 Troposphere
50%
401 Exosphere
0%
403 Exosphere
0%
404 Exosphere
0%
405 Exosphere
0%
406 Exosphere
0%
407 Exosphere
0%
409 Exosphere
0%
410 Exosphere
0%
411 Exosphere
0%
412 Exosphere
0%
413 Exosphere
0%
414 Exosphere
0%
415 Exosphere
0%
416 Exosphere
0%
417 Exosphere
0%
418 Exosphere
0%
419 Exosphere
0%
420 Exosphere
0%
421 Exosphere
0%
422 Exosphere
0%
423 Exosphere
0%
424 Exosphere
0%
426 Exosphere
0%
427 Exosphere
0%
429 Exosphere
0%
430 Exosphere
0%
432 Exosphere
0%
434 Exosphere
0%
436 Exosphere
0%
437 Exosphere
0%
438 Exosphere
0%
439 Exosphere
0%
440 Exosphere
0%
441 Exosphere
0%
442 Exosphere
0%
443 Exosphere
0%
444 Exosphere
0%
445 Exosphere
0%
446 Exosphere
0%
447 Exosphere
0%
448 Exosphere
0%
449 Exosphere
0%
450 Exosphere
0%
451 Exosphere
0%
454 Exosphere
0%
455 Exosphere
0%
456 Exosphere
0%
457 Exosphere
0%
458 Exosphere
0%
460 Exosphere
0%
31 Mesosphere
0%
32 Mesosphere
0%
33 Mesosphere
0%
34 Mesosphere
0%
36 Mesosphere
0%
37 Mesosphere
0%
38 Mesosphere
0%
39 Mesosphere
0%
40 Mesosphere
0%
41 Mesosphere
0%
42 Mesosphere
0%
43 Mesosphere
0%
44 Mesosphere
0%
45 Mesosphere
0%
46 Mesosphere
0%
47 Mesosphere
0%
48 Mesosphere
0%
49 Mesosphere
0%
33 Mesosphere
0%
34 Mesosphere
0%
35 Mesosphere
0%
36 Mesosphere
0%
38 Mesosphere
0%
39 Mesosphere
0%
40 Mesosphere
0%
41 Mesosphere
0%
42 Mesosphere
0%
43 Mesosphere
0%
44 Mesosphere
0%
45 Mesosphere
0%
46 Mesosphere
0%
48 Mesosphere
0%
49 Mesosphere
0%
31 Mesosphere
0%
32 Mesosphere
0%
33 Mesosphere
0%
34 Mesosphere
0%
35 Mesosphere
0%
38 Mesosphere
0%
39 Mesosphere
0%
40 Mesosphere
0%
41 Mesosphere
0%
42 Mesosphere
0%
43 Mesosphere
0%
44 Mesosphere
0%
45 Mesosphere
0%
46 Mesosphere
0%
47 Mesosphere
0%
48 Mesosphere
0%
49 Mesosphere
0%
31 Mesosphere
0%
32 Mesosphere
0%
33 Mesosphere
0%
11 Stratosphere
0%
12 Stratosphere
0%
13 Stratosphere
0%
14 Stratosphere
0%
15 Stratosphere
0%
16 Stratosphere
0%
17 Stratosphere
0%
18 Stratosphere
0%
19 Stratosphere
0%
20 Stratosphere
0%
21 Stratosphere
0%
22 Stratosphere
0%
23 Stratosphere
0%
24 Stratosphere
0%
25 Stratosphere
0%
26 Stratosphere
0%
27 Stratosphere
0%
28 Stratosphere
0%
29 Stratosphere
0%
11 Stratosphere
0%
12 Stratosphere
0%
13 Stratosphere
0%
14 Stratosphere
0%
15 Stratosphere
0%
16 Stratosphere
0%
17 Stratosphere
0%
19 Stratosphere
0%
20 Stratosphere
0%
21 Stratosphere
0%
23 Stratosphere
0%
24 Stratosphere
0%
25 Stratosphere
0%
26 Stratosphere
0%
28 Stratosphere
0%
29 Stratosphere
0%
11 Stratosphere
0%
15 Stratosphere
0%
16 Stratosphere
0%
17 Stratosphere
0%
18 Stratosphere
0%
19 Stratosphere
0%
20 Stratosphere
0%
21 Stratosphere
0%
22 Stratosphere
0%
23 Stratosphere
0%
24 Stratosphere
0%
25 Stratosphere
0%
26 Stratosphere
0%
27 Stratosphere
0%
28 Stratosphere
0%
29 Stratosphere
0%
11 Stratosphere
0%
12 Stratosphere
0%
13 Stratosphere
0%
359 Thermosphere
0%
293 Thermosphere
0%
250 Thermosphere
0%
51 Thermosphere
0%
338 Thermosphere
0%
228 Thermosphere
0%
247 Thermosphere
0%
279 Thermosphere
0%
287 Thermosphere
0%
193 Thermosphere
0%
203 Thermosphere
0%
117 Thermosphere
0%
319 Thermosphere
0%
167 Thermosphere
0%
372 Thermosphere
0%
240 Thermosphere
0%
261 Thermosphere
0%
377 Thermosphere
0%
119 Thermosphere
0%
361 Thermosphere
0%
352 Thermosphere
0%
172 Thermosphere
0%
292 Thermosphere
0%
262 Thermosphere
0%
164 Thermosphere
0%
65 Thermosphere
0%
388 Thermosphere
0%
75 Thermosphere
0%
159 Thermosphere
0%
58 Thermosphere
0%
61 Thermosphere
0%
239 Thermosphere
0%
114 Thermosphere
0%
385 Thermosphere
0%
84 Thermosphere
0%
235 Thermosphere
0%
266 Thermosphere
0%
208 Thermosphere
0%
198 Thermosphere
0%
212 Thermosphere
0%
99 Thermosphere
0%
168 Thermosphere
0%
348 Thermosphere
0%
312 Thermosphere
0%
270 Thermosphere
0%
370 Thermosphere
0%
69 Thermosphere
0%
258 Thermosphere
0%
128 Thermosphere
0%
225 Thermosphere
0%
1 Troposphere
0%
4 Troposphere
0%
6 Troposphere
0%
7 Troposphere
0%
8 Troposphere
0%
9 Troposphere
0%
1 Troposphere
0%
2 Troposphere
0%
3 Troposphere
0%
4 Troposphere
0%
5 Troposphere
0%
6 Troposphere
0%
7 Troposphere
0%
8 Troposphere
0%
9 Troposphere
0%
1 Troposphere
0%
2 Troposphere
0%
3 Troposphere
0%
4 Troposphere
0%
5 Troposphere
0%
7 Troposphere
0%
1 Troposphere
0%
2 Troposphere
0%
3 Troposphere
0%
4 Troposphere
0%
5 Troposphere
0%
6 Troposphere
0%
7 Troposphere
0%
8 Troposphere
0%
1 Troposphere
0%
2 Troposphere
0%
4 Troposphere
0%
5 Troposphere
0%
6 Troposphere
0%
8 Troposphere
0%
9 Troposphere
0%
1 Troposphere
0%
4 Troposphere
0%
5 Troposphere
0%
6 Troposphere
0%
7 Troposphere
0%
8 Troposphere
0%
1 Troposphere
0%
2 Troposphere
0%
3 Troposphere
0%
5 Troposphere
0%
6 Troposphere
0%
No matching quizzes found
Score Distribution
Percent of People with Each Score
Percentile by Number Answered
Your Score History
You have not taken this quiz